| 000 | 00996nam a2200277 c 4500 | ||
|---|---|---|---|
| 999 |
_c447414 _d447414 |
||
| 003 | BLK | ||
| 005 | 20230628141029.0 | ||
| 008 | 180410b bul|||||r ||||||| ||bul|| | ||
| 040 | _aBLK | ||
| 041 |
_aBUL _cBUL |
||
| 080 |
_aСамостоятелни заведения. Колежи _b378.094 _x(062) _z378.094(062) |
||
| 139 | _bС 23 | ||
| 245 | 1 | 0 |
_aСборник с научнотехнически постижения за масово внедряване в животновъдството и ветеринарната практика _h[Малотир. изд.] |
| 257 | _aBGR | ||
| 260 |
_aРусе _bАГАВА _c1997 _9209496 _n954-90097- |
||
| 300 |
_a21 с. _c20 см |
||
| 380 | _a3 | ||
| 651 | 7 |
_aРусе _9179462 |
|
| 653 | 7 |
_aветеринарна медицина _9183158 |
|
| 653 | 0 |
_aюбилеи и чествания _9400947 |
|
| 852 |
_bК _cК 378/С 23 |
||
| 856 | 4 | _qpdf | |
| 856 | 4 | _qpdf | |
| 942 |
_cKNG _n0 _s1 _01 |
||
| 944 |
_aCR _c2022-03-07 _kнр |
||